| 000 | 01067cab a22002655a 4500 | ||
|---|---|---|---|
| 001 | L159876 | ||
| 008 | 150113e2017 xxk 000 0 eng d | ||
| 035 | _a(Sirsi) u159876 | ||
| 041 | 0 | _aeng | |
| 100 | 1 | _aForster, Alan | |
| 245 | 0 | 0 |
_aDigitaly surveying damage _h[electronic resource] |
| 260 |
_aLondon _bRICS _c2017 |
||
| 490 |
_aRICS Building Surveying Journal _vMay - June 2017, 31-33(3) |
||
| 520 | _aAssessing maintenance needs can be a time-consuming task, so recent research looked at digital techniques to survey structures. Alan Forster, Fred Bosche and Enrique Valero explain their results | ||
| 650 | 2 | 4 | _aMAINTENANCE |
| 650 | 2 | 4 | _aTECHNOLOGY |
| 650 | 2 | 4 | _aSURVEYING |
| 650 | 2 | 4 | _aBUILT ENVIRONMENT-BUILDING MAINTENANCE AND REFURBISHMENT-BUILDING CONSERVATION |
| 651 | 4 |
_aUnited Kingdom _y |
|
| 690 | _aConservation and restoration | ||
| 700 | 1 | _aBosche, Fred | |
| 700 | 1 | _aValero, Enrique | |
| 856 | 4 | 0 |
_uhttps://issuu.com/ricsmodus/docs/building_surveying_journal_may_june_e51321e7dff376 _yAvailable free online via Issuu |
| 942 |
_n0 _2ddc |
||
| 999 |
_c85036 _d85036 |
||